Southville International School and Colleges
Your cart is empty.
  • Cart
  • Lists
    Public lists Eva Luna New books Lux_list list_1
    Your lists Log in to create your own lists
  • Log in to your account
  • Your cookies
  • Search history
Southville International School and Colleges
  • Advanced search
  • Recent comments
  • Most popular
  • Libraries

Log in to your account

Log in with GOOGLE


If you do not have an external account, but do have a local account, you can still log in:

  1. Home
  2. MARC view: Health and growth. Bk. 4 /
Normal view MARC view ISBD view

Health and growth. Bk. 4 / (Record no. 20162)

[ view plain ]
MARC details
000 -LEADER
fixed length control field 00586nam a2200193 a 4500
005 - DATE AND TIME OF LATEST TRANSACTION
control field 20140310183212.0
008 - FIXED-LENGTH DATA ELEMENTS--GENERAL INFORMATION
fixed length control field 030423s19uu xx 00 eng d
020 ## - INTERNATIONAL STANDARD BOOK NUMBER
International Standard Book Number 0673043231
050 ## - LIBRARY OF CONGRESS CALL NUMBER
Classification number QP 37
Item number .H434 1974
100 ## - MAIN ENTRY--PERSONAL NAME
Personal name Richmond, Julius B.
245 ## - TITLE STATEMENT
Title Health and growth. Bk. 4 /
Statement of responsibility, etc Julius B. Richmond, et. al.
260 ## - PUBLICATION, DISTRIBUTION, ETC. (IMPRINT)
Name of publisher, distributor, etc Scott, Foresman and Company,
Date of publication, distribution, etc 1974.
Place of publication, distribution, etc Glenview, Illinois :
300 ## - PHYSICAL DESCRIPTION
Extent 224 p. :
Other physical details col. ill. ;
Dimensions 22 cm.
521 ## - TARGET AUDIENCE NOTE
Target audience note
650 ## - SUBJECT ADDED ENTRY--TOPICAL TERM
Topical term or geographic name as entry element Health
General subdivision Study and teaching.
650 ## - SUBJECT ADDED ENTRY--TOPICAL TERM
Topical term or geographic name as entry element Growth
General subdivision Study and teaching.
942 ## - ADDED ENTRY ELEMENTS (KOHA)
Koha item type Books
Source of classification or shelving scheme Library of Congress Classification
Call number prefix Foreign
Holdings
Withdrawn status Lost status Source of classification or shelving scheme Damaged status Home library Current library Shelving location Date acquired Source of acquisition Total Checkouts Full call number Barcode Date last seen Copy number Price effective from Koha item type
    Library of Congress Classification   Archives Archives   08/11/2005 Donation   QP 37 .H434 1974 C2355 05/15/2018 1 10/10/2013 Books

Health and growth. Bk. 4 /

APA

Richmond J. B., . (1974). Health and growth. Bk. 4. Glenview, Illinois: Scott, Foresman and Company.

Chicago

Richmond Julius B, . 1974. Health and growth. Bk. 4. Glenview, Illinois: Scott, Foresman and Company.

Harvard

Richmond J. B., . (1974). Health and growth. Bk. 4. Glenview, Illinois: Scott, Foresman and Company.

MLA

Richmond Julius B, . Health and growth. Bk. 4. Glenview, Illinois: Scott, Foresman and Company. 1974.

  • Place hold
  • Print
  • Cite
  • Add to your cart (remove)
  • Save record
    BIBTEX Dublin Core MARCXML MARC (non-Unicode/MARC-8) MARC (Unicode/UTF-8) MARC (Unicode/UTF-8, Standard) MODS (XML) RIS
  • More searches
    Search for this title in:
    Other Libraries (WorldCat) Other Databases (Google Scholar) Online Stores (Bookfinder.com) Open Library (openlibrary.org)

Exporting to Dublin Core...

SOUTHVILLE LIBRARY

Southville International School and Colleges Library

1281 Tropical Ave. Cor. Luxembourg St., BF Homes International, Las Pinas City

Tel. No. 8256374 / 252358 Loc. 117/146

Powered by Koha